bloxfruits fruits by the picture (legendary) - Statistics

General Stats
  • This quiz has been taken 496 times
  • The average score is 70 of 81
Answer Stats
Question Tile Select % Correct
Buddha No
92%
Buddha No
92%
Buddha Yes
92%
Buddha No
92%
Buddha No
92%
Buddha No
91%
Buddha No
91%
Buddha No
91%
Blizzard No
91%
Blizzard No
91%
Blizzard No
91%
Blizzard No
91%
Blizzard No
91%
Blizzard No
91%
Blizzard No
90%
Blizzard No
89%
Buddha No
88%
Blizzard Yes
88%
Spider No
88%
Spider No
88%
Spider No
88%
Spider No
88%
Spider No
88%
Spider No
88%
Spider No
88%
Love No
88%
Love No
88%
Love No
88%
Love No
88%
Love No
88%
Love No
88%
Love No
87%
Love Yes
87%
Love No
87%
Spider Yes
86%
Spider No
86%
Quake No
86%
Quake No
86%
Quake No
86%
Quake No
86%
Quake No
86%
Quake No
86%
Quake No
86%
Quake No
86%
Phoenix No
86%
Phoenix No
86%
Phoenix No
86%
Phoenix No
86%
Phoenix No
86%
Phoenix No
86%
Phoenix No
86%
Phoenix No
86%
Phoenix Yes
85%
Quake Yes
84%
Portal No
84%
Portal No
84%
Portal No
84%
Portal No
84%
Portal No
84%
Portal No
84%
Sound No
83%
Sound No
83%
Sound No
83%
Sound No
83%
Sound No
83%
Sound No
83%
Sound No
83%
Sound No
83%
Portal No
83%
Portal No
83%
Sound Yes
82%
Portal Yes
82%
Pain No
82%
Pain No
82%
Pain No
82%
Pain No
82%
Pain No
82%
Pain No
81%
Pain No
81%
Pain No
81%
Pain Yes
80%
No matching quizzes found
Score Distribution
Percent of People with Each Score
Percentile by Number Answered
Your Score History
You have not taken this quiz